00671nam a2200241 a 4500001001300000003000900013005001700022008004100039020000800080082001500088100001800103245003600121260003800157300000800195500003500203505001000238650002200248700001800270902000800288942000700296952011100303999001500414nice12345678IN_TiNIC20260116012035.0050524s1945 lona grp 000 0 eng  ac000a269.2bHOL aHolmes, W H G aFrom a Hostel Veranda in Bengal aLondonbA.R Mowbray and Co.c1945 a74p aincludes index and biblioraphy2 aIndex aEvangelistic Work1 aHolmes, W H G bSRS cBK 001040708StackRoom-aHMIbHMId2005-05-24g0.00l0o269.2 HOLp05516r2005-05-24v0.00w2005-05-24yBK c5385d5385